Clinical pharmacology and practical prescribing on the move/ (Record no. 121370)
[ view plain ]
| 000 -LEADER | |
|---|---|
| fixed length control field | 01194nam a2200313 a 4500 |
| 003 - CONTROL NUMBER IDENTIFIER | |
| control field | OSt |
| 005 - DATE AND TIME OF LATEST TRANSACTION | |
| control field | 20250610103544.0 |
| 008 - FIXED-LENGTH DATA ELEMENTS--GENERAL INFORMATION | |
| fixed length control field | |
| 020 ## - INTERNATIONAL STANDARD BOOK NUMBER | |
| International Standard Book Number | 9781444176032 (paperback) |
| 040 ## - CATALOGING SOURCE | |
| Original cataloging agency | NUST |
| Transcribing agency | NUST |
| Language of cataloging | eng |
| Modifying agency | NUST |
| Description conventions | rda |
| 050 ## - LIBRARY OF CONGRESS CALL NUMBER | |
| Classification number | RS57 TUR |
| 100 1# - MAIN ENTRY--PERSONAL NAME | |
| Personal name | Turnbull, James., |
| -- | author. |
| 245 10 - TITLE STATEMENT | |
| Title | Clinical pharmacology and practical prescribing on the move/ |
| Statement of responsibility, etc. | James Turnbull & Matthew Tate editorial advisor Peter Jackson. |
| 260 ## - PUBLICATION, DISTRIBUTION, ETC. | |
| Place of publication, distribution, etc. | Boca Raton : |
| Name of publisher, distributor, etc. | CRC Press, |
| Date of publication, distribution, etc. | 2016. |
| 300 ## - PHYSICAL DESCRIPTION | |
| Extent | xvii, 352 pages : |
| Other physical details | colour illustrations ; |
| Dimensions | 22 cm. |
| 336 ## - CONTENT TYPE | |
| Content type term | text |
| Content type code | txt |
| Source | rdacontent |
| 337 ## - MEDIA TYPE | |
| Media type term | unmediated |
| Media type code | n |
| Source | rdamedia |
| 338 ## - CARRIER TYPE | |
| Carrier type term | volume |
| Carrier type code | nc |
| Source | rdacarrier |
| 650 #1 - SUBJECT ADDED ENTRY--TOPICAL TERM | |
| Topical term or geographic name entry element | Pharmacology, Clinical |
| General subdivision | Examination Questions. |
| 650 ## - SUBJECT ADDED ENTRY--TOPICAL TERM | |
| Topical term or geographic name entry element | Pharmacology, Clinical |
| General subdivision | Outlines. |
| 650 ## - SUBJECT ADDED ENTRY--TOPICAL TERM | |
| Topical term or geographic name entry element | Drug prescriptions |
| General subdivision | Examination Questions. |
| 650 ## - SUBJECT ADDED ENTRY--TOPICAL TERM | |
| Topical term or geographic name entry element | Drug prescriptions |
| General subdivision | Outlines. |
| 650 ## - SUBJECT ADDED ENTRY--TOPICAL TERM | |
| Topical term or geographic name entry element | Pharmaceutical Preparations |
| General subdivision | Examination Questions. |
| 650 ## - SUBJECT ADDED ENTRY--TOPICAL TERM | |
| Topical term or geographic name entry element | Pharmaceutical Preparations |
| General subdivision | Outlines. |
| 700 ## - ADDED ENTRY--PERSONAL NAME | |
| Personal name | Tate, Matthew., |
| -- | author. |
| 700 ## - ADDED ENTRY--PERSONAL NAME | |
| Personal name | Jackson, Peter., |
| -- | editor. |
| 907 ## - LOCAL DATA ELEMENT G, LDG (RLIN) | |
| a | .b1041163x |
| b | 28-10-21 |
| c | 28-10-21 |
| 942 ## - ADDED ENTRY ELEMENTS (KOHA) | |
| Koha item type | Ordinary Loan Books |
| Call number prefix | RS57 |
| Call number suffix | TUR |
| Source of classification or shelving scheme | |
| Withdrawn status | Lost status | Source of classification or shelving scheme | Damaged status | Not for loan | Collection | Home library | Current library | Shelving location | Date acquired | Source of acquisition | Cost, normal purchase price | Total Checkouts | Full call number | Barcode | Date last seen | Cost, replacement price | Price effective from | Koha item type | Public note | Accession number |
|---|---|---|---|---|---|---|---|---|---|---|---|---|---|---|---|---|---|---|---|---|
| LCC | NFIC | MEDICAL | MEDICAL | GEN | 01/20/2023 | Book Aid International | 80.00 | RS57 TUR | 92004050544 | 01/20/2023 | 80.00 | 01/20/2023 | BOOKS | Donation | ||||||
| LCC | NFIC | MEDICAL | MEDICAL | GEN | 06/02/2025 | Book Aid International | 46.00 | RS57 TUR | 92004055359 | 06/02/2025 | 46.00 | 06/02/2025 | BOOKS | Donation | 61063 |